00599nam a2200157Ia 4500008004100000041001200041082001600053100002600069245008700095260004200182300001000224650002100234942000700255999001300262952016600275221030s9999 xx 000 0 und d aEnglish a105.23bBal aR. M. Balasubramaniam 0aElectronics & Communication Engineering ( DEPARTMENTAL )cby R. M. Balasubramaniam bS.K. Kataria & SonsaNew Delhic1998 a32.13 aECE Departmental cBK c422d422 pBE 179g135.00l0o105.23 Balr2022-10-30 00:00:00w2022-10-30yBK003Print4070aMIETLIBbMIETLIBcBL-Departmental, FL-1, CUP-14, SH-1, R-1d1998-12-2410HBE